000 00777nam a2200217 i 4500
001 24187
003 ES-MaACL
005 20230906153014.0
007 t|
008 021216s1978 mx ||||1| spa d
100 1 _aAnthony, Robert N.
_921891
245 1 3 _aLa contabilidad en la administración de empresas
_b: textos y casos /
_cRobert N. Anthony ; traducción... de la edición... en inglés por Manuel Fagoaga C.
250 _a1ª ed., 9ª reimp.
260 _aMéxico, etc. :
_bUteha,
_c[1978]
300 _aXX, 721 p. :
_bil. ;
_c22 cm.
490 1 _aBiblioteca de altos estudios comerciales
700 1 _aFagoaga C., Manuel.
_948628
830 0 _aBiblioteca de altos estudios comerciales
_9185695
852 _aES-MaACL
_jL-171
_bR.100638
999 _c24187
_d24187